| 000 | 01146cam a2200205 i 4500 | ||
|---|---|---|---|
| 999 |
_c57893 _d57893 |
||
| 001 | 19133431 | ||
| 005 | 20221108164129.0 | ||
| 008 | 160613s2017 nyu b 001 0 eng | ||
| 020 | _a9781138832107 (pbk.) X | ||
| 041 | _aeng | ||
| 080 | _a364.694 H-22 | ||
| 245 | 0 | 0 |
_aHandbook of research-based practices for educating students with intellectual disability / _cedited by Michael L. Wehmeyer and Karrie A. Shogren. |
| 264 | 1 |
_aNew York, NY : _bRoutledge, _c2017. |
|
| 300 |
_a516 pages ; _c26 cm. |
||
| 653 | _aინტელექტუალური შეზღუდული შესაძლებლობის მქონე სტუდენტების განათლების მისაღწევად კვლევაზე დაფუძნებული პრაქტიკის სახელმძღვანელო | ||
| 653 | _aგონებრივი შეზღუდვის მქონე ბავშვები | ||
| 700 | 1 |
_aWehmeyer, Michael L. _eრედაქტორი _910654 |
|
| 700 | 1 |
_aShogren, Karrie Ann, _eრედაქტორი _910781 |
|
| 942 |
_2udc _cBK |
||